Sociálnopsychologický výcvik v práci so skupinou seminárny kurz

Salvato in:
Dettagli Bibliografici
Natura: Libro
Lingua:slovacco
Pubblicazione: Bratislava Dom techniky ČSVTS 1985
Tags: Aggiungi Tag
Nessun Tag, puoi essere il primo ad aggiungerne!!

MARC

LEADER 00000nam a2200000 4500
001 c106878
005 20041019155138.6
041 0 |a slo 
044 |a SK 
245 1 0 |a Sociálnopsychologický výcvik v práci so skupinou  |b seminárny kurz 
264 1 |a Bratislava  |b Dom techniky ČSVTS  |c 1985 
300 |a 141 s.